[Event "FIDE Open"]
[Site "Voronezh"]
[Date "2018.06.13"]
[Round "2.64"]
[White "Kuritsina, Zlata"]
[Black "Savoskin, Vladimir"]
[Result "0-1"]
[WhiteElo "1508"]
[BlackElo "1743"]
[Annotator ""]
[Source ""]
[Remark ""]

1.d4 Nf6 2.Nf3 g6 3.c4 d5 4.e3 Bg7 5.Be2 O-O 6.O-O Re8 7.cxd5
Nxd5 8.Nc3 Nxc3 9.bxc3 c5 10.Ba3 cxd4 11.cxd4 Nc6 12.Qb3 Rb8
13.Rac1 Be6 14.Qb1 Bf5 15.Bd3 Bxd3 16.Qxd3 e5 17.Qc4 exd4 18.Nxd4
Nxd4 19.exd4 Qxd4 20.Qb3 Qd7 21.Rfd1 Qe6 22.h3 Qxb3 23.axb3 b5
24.Bc5 a5 25.Bd4 Red8 26.Bxg7 Rxd1+ 27.Rxd1 Kxg7 28.Ra1 Ra8 29.Kf1
f5 30.Ke2 Kf6 31.Kd3 Ke5 32.g3 g5 33.Ke3 f4+ 34.gxf4+ gxf4+ 35.Kd3
a4 36.bxa4 bxa4 37.Ra3 Rd8+ 38.Ke2 Rd4 39.Rc3 Rb4 40.Ra3 Ke4
41.f3+ Kd4 42.Kd2 Rb2+ 43.Ke1 Rb3 44.Rxa4+ Ke3 45.Re4+ Kxf3 46.Re7
Re3+ 47.Rxe3+ Kxe3 48.Kf1 Kf3 49.Ke1 Kg2 50.h4 f3 0-1

[Event "FIDE Open"]
[Site "Voronezh"]
[Date "2018.06.13"]
[Round "2.65"]
[White "Koshelev, Vladimir"]
[Black "Ismailov, Samir"]
[Result "1/2-1/2"]
[WhiteElo "1741"]
[BlackElo "1507"]
[Annotator ""]
[Source ""]
[Remark ""]

1.Nf3 d5 2.e3 Nf6 3.b3 Bg4 4.Bb2 e6 5.Be2 Bd6 6.d4 c5 7.O-O Nc6
8.Ne5 Bxe2 9.Qxe2 O-O 10.Nd2 Nd7 11.f4 f6 12.Nxc6 bxc6 13.Qg4
Qe7 14.Nf3 Rae8 15.Rae1 e5 16.f5 e4 17.dxc5 Bxc5 18.Nd4 Bxd4
19.exd4 Qb4 20.a3 Qa5 21.c3 Qb5 22.Qd1 Rb8 23.b4 Nb6 24.Bc1 Nc4
25.a4 Qb7 26.a5 Rbe8 27.Rf4 Re7 28.Qh5 Rff7 29.Rh4 Kf8 30.Qxh7
Ke8 31.Qg6 Kd7 32.Rh8 Qc7 33.g3 e3 34.Bxe3 Nxe3 35.Rxe3 Kd6 36.Re8
Rxe3 37.Rxe3 Re7 38.Re6+ Rxe6 39.fxe6 Kxe6 40.Qg4+ Kf7 41.Qf4
Qe7 42.Kf2 Qb7 43.h4 Qc8 44.g4 Kg8 45.h5 a6 1/2-1/2

[Event "FIDE Open"]
[Site "Voronezh"]
[Date "2018.06.13"]
[Round "2.66"]
[White "Lebedeva, Ekaterina"]
[Black "Pikalova, Sofya"]
[Result "0-1"]
[WhiteElo "1503"]
[BlackElo "1739"]
[Annotator ""]
[Source ""]
[Remark ""]

1.e4 c5 2.c3 d6 3.d4 cxd4 4.cxd4 Nf6 5.Nc3 g6 6.Nf3 Bg7 7.Bc4
O-O 8.Bb3 Nc6 9.O-O Bg4 10.Be3 Nd7 11.d5 Nce5 12.h3 Nxf3+ 13.gxf3
Bxh3 14.Re1 Ne5 15.Kh2 Bc8 16.Rg1 f5 17.exf5 Rxf5 18.f4 Rh5+
19.Kg2 Bh3+ 20.Kg3 Bg4 21.Qc1 Rh3+ 22.Kg2 Nf3 23.Rh1 Nh4+ 24.Kg1
Qd7 25.Rxh3 Bxh3 26.Bd1 Bg2 27.Ne2 Qh3 28.Ng3 Bxd5 29.Ne4 Qg2# 0-1

[Event "FIDE Open"]
[Site "Voronezh"]
[Date "2018.06.13"]
[Round "2.67"]
[White "Shipitsyna, Guzyal"]
[Black "Strukov, Dmitry"]
[Result "0-1"]
[WhiteElo "1444"]
[BlackElo "1737"]
[Annotator ""]
[Source ""]
[Remark ""]

1.d4 Nf6 2.c4 g6 3.Nc3 Bg7 4.Nf3 O-O 5.Bg5 c6 6.e4 d6 7.h3 h6
8.a4 a6 9.Bh4 Qa5 10.Bd3 g5 11.Bg3 Nh5 12.Bh2 g4 13.hxg4 Bxg4
14.Be2 c5 15.Kf1 cxd4 16.Nd5 Nc6 17.Ng1 Bxe2+ 18.Nxe2 Nf6 19.Ng3
Nxd5 20.cxd5 Ne5 21.Nf5 Ng6 22.Nxg7 Kxg7 23.Qxd4+ f6 24.Qd1 Qb4
25.Qe2 Rac8 26.Bg3 Rc4 27.Qe3 Rh8 28.f3 Qxb2 29.Re1 Rxa4 30.Kg1
Ra2 31.Rh2 a5 32.Rf1 b6 33.f4 Ra3 34.Qe1 Qc3 35.Rh3 Qxe1 36.Rxe1
Rb3 37.e5 h5 38.exf6+ exf6 39.Rc1 h4 40.Rc7+ Kh6 41.Bf2 Rxh3
42.gxh3 Re8 43.Bxb6 Nxf4 44.Bxa5 Nxh3+ 45.Kh2 Nf4 46.Rc2 Nxd5
47.Rd2 Re5 0-1

[Event "FIDE Open"]
[Site "Voronezh"]
[Date "2018.06.13"]
[Round "2.68"]
[White "Meshkov, Timofey"]
[Black "Korolkov, Alexander"]
[Result "0-1"]
[WhiteElo "1403"]
[BlackElo "1734"]
[Annotator ""]
[Source ""]
[Remark ""]

1.d4 d5 2.c4 c6 3.Nc3 Nf6 4.Nf3 Bf5 5.Bg5 e6 6.e3 Be7 7.cxd5
exd5 8.Bd3 Bxd3 9.Qxd3 Nbd7 10.O-O O-O 11.e4 Nxe4 12.Bxe7 Qxe7
13.Rfe1 f5 14.Nd2 Qf7 15.b4 Nxd2 16.Qxd2 Rfe8 17.Rxe8+ Rxe8 18.Qd3
Qe6 19.h3 g6 20.b5 Nb6 21.a4 Nc4 22.a5 Qd6 23.a6 bxa6 24.bxa6
Qb4 25.g3 Qd6 26.Kg2 f4 27.f3 fxg3 28.Ne4 Qf4 29.Qe2 Ne3+ 30.Kh1
dxe4 0-1

[Event "FIDE Open"]
[Site "Voronezh"]
[Date "2018.06.13"]
[Round "2.69"]
[White "Granovskaya, Ekaterina"]
[Black "Povelitsa, Nikolai"]
[Result "1-0"]
[WhiteElo "1731"]
[BlackElo "1364"]
[Annotator ""]
[Source ""]
[Remark ""]

1.e4 e6 2.d4 h6 3.c4 d6 4.Nc3 Nf6 5.Nf3 g6 6.Be2 Bg7 7.h3 Nbd7
8.Be3 c6 9.O-O Nh7 10.Qd2 Bf6 11.Nh2 Ng5 12.f4 Nh7 13.f5 exf5
14.exf5 g5 15.Bh5 Qa5 16.Qe2 Be7 17.Ne4 Ndf6 18.Nxd6+ Kd7 19.Nxc8
Raxc8 20.Bxf7 Rhf8 21.Be6+ Kc7 22.a3 Ne4 23.b4 Qa4 24.Qd3 Nhf6
25.Rfd1 Rfd8 26.Nf3 Rf8 27.Nd2 Nd6 28.Bf2 Nh5 29.Bg3 Ng7 30.c5
Nxe6 31.fxe6 Rf6 32.Bxd6+ Bxd6 33.cxd6+ 1-0

[Event "FIDE Open"]
[Site "Voronezh"]
[Date "2018.06.13"]
[Round "2.70"]
[White "Zakharov, Timofey V."]
[Black "Efendieva, Alina"]
[Result "0-1"]
[WhiteElo "1389"]
[BlackElo "1727"]
[Annotator ""]
[Source ""]
[Remark ""]

1.e4 e5 2.Nf3 Nc6 3.Bc4 Nf6 4.Ng5 d5 5.exd5 Na5 6.Bb5+ c6 7.dxc6
bxc6 8.Bd3 Ng4 9.Ne4 f5 10.Ng3 Bc5 11.O-O Qh4 12.h3 Nxf2 13.Rxf2
Qxg3 14.Qf3 Bxf2+ 15.Qxf2 Qxf2+ 16.Kxf2 O-O 17.b4 Nb7 18.Bc4+
Kh8 19.Nc3 Nd6 20.Bb3 a6 21.Ba3 Rd8 22.d3 e4 23.dxe4 fxe4 24.Re1
Rf8+ 25.Kg1 Re8 26.b5 Nxb5 27.Nxb5 cxb5 28.Bf7 Re5 29.g4 Rb8 0-1

[Event "FIDE Open"]
[Site "Voronezh"]
[Date "2018.06.13"]
[Round "2.71"]
[White "Sushkov, Mikhail"]
[Black "Pokasova, Irina"]
[Result "1-0"]
[WhiteElo "1727"]
[BlackElo "1311"]
[Annotator ""]
[Source ""]
[Remark ""]

1.e4 c6 2.Nc3 d5 3.Nf3 Nf6 4.e5 Ne4 5.Nxe4 dxe4 6.Ng5 Qd4 7.f4
exf3 8.Nxf3 Qd8 9.d4 Bg4 10.Be2 e6 11.O-O Bxf3 12.Bxf3 Be7 13.Be4
h6 14.Be3 Bg5 15.Bf2 O-O 16.Qg4 Re8 17.h4 f5 18.exf6 Bxf6 19.Be3
g5 20.Qh5 Re7 21.Rxf6 Qe8 22.Qxh6 Rg7 23.Rxe6 Qd7 24.Rf1 Na6
25.hxg5 Nb4 26.Rg6 Re8 27.Rxg7+ Qxg7 28.Qxg7+ Kxg7 29.Rf4 Nxc2
30.Bxc2 Rxe3 1-0

[Event "FIDE Open"]
[Site "Voronezh"]
[Date "2018.06.13"]
[Round "2.72"]
[White "Cherniavskaya, Klara"]
[Black "Krekoten, Vladimir"]
[Result "0-1"]
[WhiteElo "1357"]
[BlackElo "1718"]
[Annotator ""]
[Source ""]
[Remark ""]

1.c4 Nf6 2.d4 e6 3.Nf3 b6 4.b3 Bb7 5.Ne5 d5 6.e3 Nbd7 7.Nxd7
Qxd7 8.Bd2 c5 9.Bc3 Ne4 10.Bb2 cxd4 11.Bxd4 Bb4+ 12.Ke2 O-O 13.Qd3
Be7 14.f3 Nf6 15.Bxf6 Bxf6 16.Nc3 Ba6 17.Kf2 Rac8 18.Rc1 Rfd8
19.a4 d4 20.Ne4 dxe3+ 21.Kxe3 Bd4+ 22.Ke2 Qc7 23.Ng5 g6 24.Rc2
Bf6 25.Qe4 Bxg5 26.h4 Bb7 27.Qe5 Qxe5+ 28.Kf2 0-1

[Event "Fide Open"]
[Site "Voronezh"]
[Date "2018.06.13"]
[Round "2.1"]
[White "Grekhov, Luka"]
[Black "Novikov, Sergey D"]
[Result "1/2-1/2"]
[WhiteElo "1955"]
[BlackElo "2180"]
[Annotator ""]
[Source ""]
[Remark ""]

1.e4 c5 2.Nf3 d6 3.d4 cxd4 4.Nxd4 Nf6 5.Nc3 g6 6.Be3 Bg7 7.f3
O-O 8.Qd2 Nc6 9.O-O-O d5 10.Qe1 e5 11.Nxc6 bxc6 12.exd5 Nxd5
13.Bc4 Bb7 14.Kb1 Nxc3+ 15.Qxc3 Qc7 16.Qb3 Rfe8 17.Bc5 Bf8 18.Bxf8
Rxf8 19.Rd3 Bc8 20.g4 Rb8 21.Qa3 e4 22.fxe4 Bxg4 23.Qd6 Rbc8
24.Re1 Rfe8 25.e5 Be6 26.Bxe6 Rxe6 27.Qd4 Rce8 28.Rde3 Qb6 29.c3
f6 30.Kc2 fxe5 31.Rxe5 Rxe5 32.Rxe5 Rxe5 33.Qxe5 Qf2+ 34.Kb3
Qf7+ 35.Ka3 Qb7 36.Qe6+ Kh8 37.Qf6+ Kg8 38.Qe6+ Kh8 39.Qf6+ Kg8
40.Qe6+ 1/2-1/2

[Event "Fide Open"]
[Site "Voronezh"]
[Date "2018.06.13"]
[Round "2.2"]
[White "Lukovnikov, Alexander"]
[Black "Kulpin, Dmitriy"]
[Result "1/2-1/2"]
[WhiteElo "2153"]
[BlackElo "1954"]
[Annotator ""]
[Source ""]
[Remark ""]

1.e4 c5 2.Nf3 e6 3.d4 cxd4 4.Nxd4 a6 5.Nc3 Qc7 6.Bd3 Nf6 7.Be3
b5 8.a3 Bb7 9.O-O d6 10.f4 Nbd7 11.Qe2 Be7 12.Bf2 O-O 13.Rae1
e5 14.Nf5 Bd8 15.fxe5 Nxe5 16.Bd4 Re8 17.Qf2 g6 18.Ne3 Re6 19.Qg3
Nh5 20.Qh3 Rf6 21.Rxf6 Nxf6 22.Rf1 Qe7 23.Qh6 Qf8 24.Qf4 Qe7
25.h3 Rc8 26.Qh6 Qf8 27.Qf4 Qe7 28.Qh6 Qf8 29.Qf4 Qe7 1/2-1/2

[Event "Fide Open"]
[Site "Voronezh"]
[Date "2018.06.13"]
[Round "2.3"]
[White "Peschansky, Mikhail"]
[Black "Gutsulyak, Nikolay"]
[Result "1/2-1/2"]
[WhiteElo "2137"]
[BlackElo "1953"]
[Annotator ""]
[Source ""]
[Remark ""]

1.d4 e6 2.Nf3 f5 3.g3 Nf6 4.Bg2 g6 5.O-O Bg7 6.c4 d6 7.Qc2 O-O
8.Nc3 Nc6 9.d5 Nb4 10.Qb3 Na6 11.Be3 e5 12.a3 h6 13.Rad1 g5 14.Qc2
Qe8 15.Bc1 Qh5 16.Ne1 f4 17.Ne4 Bh3 18.Nxf6+ Rxf6 19.Bxh3 Qxh3
20.Qe4 Raf8 21.Qg2 Qh5 22.f3 Nc5 23.b4 Nd7 24.Nd3 R6f7 25.Nf2
Nf6 26.g4 Qg6 27.Ne4 Nxe4 28.fxe4 Bf6 29.Qf3 Rh7 30.h3 Kg7 31.Kg2
Rfh8 32.Rh1 h5 33.Rdg1 Rh6 34.Kf1 Qh7 35.h4 Kf7 36.gxh5 Rxh5
37.Qg4 Rxh4 38.Qe6+ Kg7 39.Qd7+ Kg6 40.Qf5+ Kf7 41.Qe6+ 1/2-1/2

[Event "Fide Open"]
[Site "Voronezh"]
[Date "2018.06.13"]
[Round "2.4"]
[White "Malinin, Sergey"]
[Black "Garafutdinov, Ainur"]
[Result "0-1"]
[WhiteElo "1953"]
[BlackElo "2122"]
[Annotator ""]
[Source ""]
[Remark ""]

1.d4 f5 2.g3 d6 3.Bg2 c6 4.Nh3 g6 5.O-O Nf6 6.Nf4 Bg7 7.c3 O-O
8.Qb3+ Kh8 9.Ne6 Bxe6 10.Qxe6 Na6 11.Qb3 Qc7 12.Nd2 e5 13.Nc4
Rad8 14.a4 Rfe8 15.Re1 exd4 16.cxd4 Nh5 17.Bg5 Rd7 18.Rad1 d5
19.Na3 h6 20.Bc1 f4 21.Bf3 fxg3 22.hxg3 Nxg3 23.Bg4 Nf5 24.Qh3
Rf7 25.Bxf5 gxf5 26.Bxh6 Bxh6 27.Qxh6+ Rh7 28.Qf6+ Kg8 29.e3
Qh2+ 30.Kf1 Qh5 31.Qd6 Nc7 32.Nb1 Re6 33.Qd8+ Ne8 34.Nd2 f4 35.Qc8
Qg4 36.f3 Rh1+ 0-1

[Event "Fide Open"]
[Site "Voronezh"]
[Date "2018.06.13"]
[Round "2.5"]
[White "Kolomensky, Vladimir"]
[Black "Gorodnichev, Alexey"]
[Result "1-0"]
[WhiteElo "2120"]
[BlackElo "1949"]
[Annotator ""]
[Source ""]
[Remark ""]

1.e4 e6 2.d4 d5 3.Nd2 dxe4 4.Nxe4 Nd7 5.g3 Ngf6 6.Nxf6+ Nxf6
7.Bg2 c5 8.Nf3 cxd4 9.Qxd4 Qxd4 10.Nxd4 Bd6 11.Nb5 Bb8 12.Be3
a6 13.Na3 Bc7 14.Nc4 Nd5 15.Bc5 b5 16.Ne3 Bb7 17.Nxd5 Bxd5 18.Bxd5
exd5 19.O-O-O O-O-O 20.Rhe1 Rd7 21.a4 Kb7 22.Re3 h5 23.axb5 axb5
24.Bd4 Rg8 25.Rb3 Kc6 26.Rdd3 Ba5 27.Ra3 Bb4 28.Ra6+ Kc7 29.Rb3
Bd6 30.Rxb5 Rb8 31.Rxb8 Kxb8 32.Rxd6 Rxd6 33.Be5 Kc7 34.Kd2 Kc6
35.Bxd6 Kxd6 36.Kd3 Kc5 37.c3 g5 38.b4+ Kd6 39.f4 g4 40.Kd4 Kc6
41.Ke5 1-0

[Event "Fide Open"]
[Site "Voronezh"]
[Date "2018.06.13"]
[Round "2.7"]
[White "Khajrutdinov, Ildar"]
[Black "Pivina, Mariya"]
[Result "1/2-1/2"]
[WhiteElo "2106"]
[BlackElo "1941"]
[Annotator ""]
[Source ""]
[Remark ""]

1.d4 Nf6 2.Nf3 e6 3.c4 d5 4.Nc3 Nbd7 5.cxd5 exd5 6.Bg5 Be7 7.e3
c6 8.Bd3 Nh5 9.Bxe7 Qxe7 10.O-O Ndf6 11.Ne5 g6 12.Rb1 O-O 13.b4
Ng7 14.Na4 a6 15.Nc5 Bf5 16.a4 Bxd3 17.Qxd3 Ne6 18.Rfc1 a5 19.Nxe6
Qxe6 20.b5 Rfc8 21.bxc6 bxc6 22.Rb6 Nd7 23.Nxd7 Qxd7 24.Rc5 Qc7
25.Rb3 Rab8 26.g3 Rb6 27.Qc3 Qb7 28.Rxb6 Qxb6 29.Kg2 Qb4 30.Qc2
Qb6 31.Rxd5 cxd5 32.Qxc8+ Kg7 33.Qe8 Qb7 34.Qb5 Qa8 35.Qd7 h5
36.h4 Kf6 37.f3 Kg7 38.g4 hxg4 39.fxg4 Qa6 40.Kf2 Qf6+ 41.Kg3
Qf1 42.Qxd5 Qg1+ 43.Kf4 Qh2+ 44.Ke4 Qg2+ 45.Ke5 Qg3+ 46.Ke4 Qg2+
47.Ke5 Qg3+ 1/2-1/2

[Event "Fide Open"]
[Site "Voronezh"]
[Date "2018.06.13"]
[Round "2.8"]
[White "Shoshin, Kirill"]
[Black "Lebedev, Mikhail S."]
[Result "0-1"]
[WhiteElo "1938"]
[BlackElo "2103"]
[Annotator ""]
[Source ""]
[Remark ""]

1.d4 Nf6 2.c4 g6 3.Nc3 Bg7 4.e4 d6 5.Be2 O-O 6.Bg5 c5 7.dxc5
Qa5 8.Bd2 Qxc5 9.Nf3 Be6 10.b3 a6 11.O-O Nbd7 12.Rc1 Rfc8 13.Be3
Qa5 14.Nd4 b5 15.Nxe6 fxe6 16.Bg4 Nxg4 17.Qxg4 Nf8 18.Bd2 bxc4
19.bxc4 Rxc4 20.Nd5 Qxd5 21.Qh4 Rxe4 22.Qxe7 Qxd2 23.Rcd1 Qf4
24.g3 Qe5 25.Rxd6 Re1 26.Rb6 Qe2 27.Rxe1 Qxe1+ 28.Kg2 Bd4 29.Rb7
Qxf2+ 30.Kh3 Qf1+ 31.Kg4 Bf6 0-1

[Event "Fide Open"]
[Site "Voronezh"]
[Date "2018.06.13"]
[Round "2.9"]
[White "Popelyshev, Igor V."]
[Black "Krupin, Victor"]
[Result "1/2-1/2"]
[WhiteElo "2095"]
[BlackElo "1938"]
[Annotator ""]
[Source ""]
[Remark ""]

1.e4 e6 2.d4 d5 3.Nc3 Nf6 4.Bg5 Be7 5.e5 Nfd7 6.Bxe7 Qxe7 7.Nf3
a6 8.Qd2 c5 9.Ne2 cxd4 10.Nexd4 Nc6 11.Nxc6 bxc6 12.Bd3 Nc5 13.O-O
Nxd3 14.cxd3 Bd7 15.b4 c5 16.bxc5 Qxc5 17.Rfc1 Qa3 18.Rc7 Rd8
19.Rb1 O-O 20.Rbb7 Qa4 21.h3 Bb5 22.d4 Rc8 23.Rxc8 Rxc8 24.Ng5
Rf8 25.Qf4 Be8 26.Qg4 Bd7 27.Qh4 h6 28.Nf3 Bb5 29.Qe7 Qxa2 30.Qc7
Qb1+ 31.Kh2 Qe4 32.Qc3 Be2 33.Nd2 Qf4+ 34.Kg1 Bb5 35.Nb3 Bc4
36.Nc5 Ra8 37.Nd7 Bb5 38.Nc5 Qf5 39.Qa1 Qc2 40.Rxb5 axb5 41.Qxa8+
Kh7 42.Qa1 b4 43.Qf1 Kg8 44.g3 b3 45.Nxb3 1/2-1/2

[Event "Fide Open"]
[Site "Voronezh"]
[Date "2018.06.13"]
[Round "2.10"]
[White "Yakimenko, Alexander A."]
[Black "Levicheva, Ekaterina"]
[Result "1/2-1/2"]
[WhiteElo "2094"]
[BlackElo "1908"]
[Annotator ""]
[Source ""]
[Remark ""]

1.e4 e6 2.d4 d5 3.Nc3 Nf6 4.Bg5 Be7 5.e5 Nfd7 6.h4 f6 7.exf6
Nxf6 8.Bd3 Nbd7 9.Qe2 Nf8 10.O-O-O c6 11.Nf3 Bd7 12.Ne5 Rg8 13.Bxf6
Bxf6 14.Bxh7 Nxh7 15.Qh5+ Ke7 16.Qxh7 Bxe5 17.dxe5 Qf8 18.Qh5
Qf4+ 19.Kb1 Raf8 20.Rhf1 Rh8 21.Qe2 Qxh4 22.Qe3 b6 23.g3 Qh5
24.Ne2 Rf3 25.Qd2 g5 26.Nd4 Rf7 27.f4 gxf4 28.gxf4 c5 29.Ne2
Bb5 30.Rf2 Bxe2 31.Rxe2 Rhf8 32.Rf1 Qh3 33.Ref2 Rf5 34.a4 Qh5
35.Qd3 Qe8 36.Qa6 Qd7 37.a5 b5 38.b3 c4 39.bxc4 bxc4 40.Kc1 c3
41.Kd1 Qc7 42.Ke2 Rb8 43.Rh2 Rb4 44.Rh7+ Rf7 45.Rxf7+ Kxf7 46.Kd3
Qc5 47.Ke2 Re4+ 48.Kf3 Qe3+ 49.Kg4 Rc4 50.Qb7+ Kg6 51.Qe7 Qe2+
52.Rf3 Qxe5 53.Qe8+ Kg7 54.Qe7+ Kg8 55.Qe8+ Kg7 56.Qe7+ Kg8 57.Qe8+ 1/2-1/2

[Event "Fide Open"]
[Site "Voronezh"]
[Date "2018.06.13"]
[Round "2.11"]
[White "Ioffe, Evgeny"]
[Black "Leolko, Ludmila"]
[Result "1-0"]
[WhiteElo "2079"]
[BlackElo "1901"]
[Annotator ""]
[Source ""]
[Remark ""]

1.e4 c5 2.c3 d5 3.exd5 Qxd5 4.d4 Nc6 5.Nf3 Bg4 6.dxc5 Qxd1+ 7.Kxd1
e5 8.Be3 Nf6 9.Be2 O-O-O+ 10.Ke1 Nd5 11.b4 e4 12.Ng5 Nxe3 13.fxe3
Bxe2 14.Kxe2 Rd7 15.Rf1 Ne5 16.Nd2 g6 17.Ndxe4 h6 18.Nf3 Nc4
19.Rad1 Bg7 20.Rxd7 Kxd7 21.Kd3 Nb2+ 22.Kc2 Nc4 23.Rd1+ Kc7 24.Rd3
Re8 25.Nfd2 Ne5 26.Nd6 Rf8 27.Rd5 Ng4 28.N2c4 Kc6 29.e4 Nxh2
30.Na5+ Kc7 31.Nb5+ Kb8 32.Rd7 b6 33.Nc6+ Kc8 34.Rc7# 1-0

[Event "Fide Open"]
[Site "Voronezh"]
[Date "2018.06.13"]
[Round "2.12"]
[White "Bobkov, Vadim"]
[Black "Pokhlebin, Sergej"]
[Result "1-0"]
[WhiteElo "2058"]
[BlackElo "1898"]
[Annotator ""]
[Source ""]
[Remark ""]

1.d4 d5 2.c4 e6 3.Nc3 Bb4 4.cxd5 exd5 5.Bf4 Nf6 6.e3 O-O 7.Bd3
Re8 8.Nge2 Nh5 9.Bg3 g6 10.a3 Bf8 11.Nf4 Nxf4 12.Bxf4 c6 13.O-O
a5 14.b4 axb4 15.axb4 Rxa1 16.Qxa1 Na6 17.Bxa6 bxa6 18.Rb1 Bf5
19.Rb2 Bd3 20.h3 Qb6 21.Na4 Qb5 22.Nc5 Ra8 23.Be5 Ra7 24.Qd1
Bc4 25.Qg4 f5 26.Qg5 Be7 27.Qh6 Bf8 28.Qf4 a5 29.Ne6 Bxb4 30.Qg5
Ra8 31.Qf6 Qb7 32.Qh8+ Kf7 33.Qg7+ 1-0

[Event "Fide Open"]
[Site "Voronezh"]
[Date "2018.06.13"]
[Round "2.13"]
[White "Nakonechny, Ignat"]
[Black "Fadin, Evgeny"]
[Result "1/2-1/2"]
[WhiteElo "1890"]
[BlackElo "2056"]
[Annotator ""]
[Source ""]
[Remark ""]

1.c4 c5 2.Nc3 Nf6 3.g3 e6 4.Bg2 Be7 5.d3 O-O 6.Nh3 Na6 7.O-O
d5 8.cxd5 exd5 9.Nf4 Nc7 10.Qb3 d4 11.Ncd5 Nfxd5 12.Nxd5 Nxd5
13.Qxd5 Qb6 14.b3 a5 15.Bf4 Ra7 16.Bb8 Ra8 17.Bf4 Ra7 18.Bb8
Ra8 19.Bf4 Ra7 1/2-1/2

[Event "Fide Open"]
[Site "Voronezh"]
[Date "2018.06.13"]
[Round "2.14"]
[White "Bitkinin, Lenar"]
[Black "Morgachev, Sergey"]
[Result "1-0"]
[WhiteElo "2055"]
[BlackElo "1889"]
[Annotator ""]
[Source ""]
[Remark ""]

1.d4 Nf6 2.Bg5 Ne4 3.Bf4 c5 4.d5 e6 5.dxe6 fxe6 6.e3 Nf6 7.Nc3
a6 8.g4 d5 9.g5 Ng8 10.Bd3 Bd6 11.Qh5+ Kd7 12.O-O-O Kc7 13.Nge2
Nc6 14.Qf7+ Qe7 15.Bxd6+ Kxd6 16.Qf4+ e5 17.Qg3 Be6 18.Be4 h6
19.Bxd5 Kc7 20.Bxc6 Kxc6 21.gxh6 Rxh6 22.Qxe5 Bg4 23.Qd5+ Kc7
24.Qg2 Nf6 25.Nf4 Qe5 26.Nfd5+ Kc8 27.f3 Nxd5 28.Qxg4+ 1-0

[Event "FIDE Open"]
[Site "Voronezh"]
[Date "2018.06.14"]
[Round "3.15"]
[White "Krupin, Victor"]
[Black "Khajrutdinov, Ildar"]
[Result "1/2-1/2"]
[WhiteElo "1938"]
[BlackElo "2106"]
[Annotator ""]
[Source ""]
[Remark ""]

1.e4 c5 2.Nf3 e6 3.d4 cxd4 4.Nxd4 a6 5.c4 Nf6 6.Nc3 d6 7.Be3
Be7 8.Be2 O-O 9.O-O Nbd7 10.Rc1 Re8 11.Kh1 Bf8 12.Qd2 Ne5 13.f3
Ng6 14.Rfd1 Qc7 15.Nc2 b6 16.b3 Bb7 17.Na4 Nd7 18.b4 Bc6 19.Nb2
a5 20.b5 Bb7 21.Na4 Rad8 22.Qe1 Nc5 23.Nc3 Be7 24.Nd4 Bf6 25.Nb3
Be5 26.g3 h5 27.Bf1 h4 28.Bg2 Qe7 29.Nxc5 dxc5 30.f4 Bc7 31.Qf2
Rxd1+ 32.Rxd1 Rd8 33.Rd2 hxg3 34.hxg3 Rxd2 35.Qxd2 Qd8 36.Qxd8+
Bxd8 37.e5 Bxg2+ 38.Kxg2 f6 39.exf6 gxf6 40.Ne4 f5 41.Nd6 Kf8
42.Nc8 Bc7 43.Na7 Ne7 44.a4 Bb8 45.Nc6 Nxc6 46.bxc6 Ke7 47.Kh3
Kd6 48.g4 fxg4+ 49.Kxg4 Kxc6 50.f5 exf5+ 51.Kxf5 1/2-1/2

[Event "FIDE Open"]
[Site "Voronezh"]
[Date "2018.06.14"]
[Round "3.16"]
[White "Pivina, Mariya"]
[Black "Popelyshev, Igor V."]
[Result "0-1"]
[WhiteElo "1941"]
[BlackElo "2095"]
[Annotator ""]
[Source ""]
[Remark ""]

1.e4 c5 2.Nf3 Nc6 3.d4 cxd4 4.Nxd4 g6 5.Nc3 Bg7 6.Be3 Nf6 7.Bc4
O-O 8.Bb3 Ng4 9.Nxc6 Nxe3 10.Nxd8 Nxd1 11.Rxd1 Bxc3+ 12.bxc3
Rxd8 13.O-O d6 14.Rd3 Be6 15.f4 Rdc8 16.Rff3 Rc5 17.Kf2 Rac8
18.Ke1 Bc4 19.Rde3 Ra5 20.Kd2 Kg7 21.g4 g5 22.h4 gxf4 23.Rxf4
Re5 24.g5 b5 25.Ref3 Rf8 26.Rf2 h6 27.Rg2 hxg5 28.Rxg5+ Rxg5
29.hxg5 Rc8 30.Bxc4 Rxc4 31.Rf5 a6 32.e5 e6 33.exd6 Rc6 34.Rf4
Rxd6+ 35.Ke3 Rd5 36.c4 Rxg5 37.cxb5 axb5 38.a4 Rg3+ 39.Ke2 bxa4
40.Rxa4 f5 41.c4 Kf6 42.Ra8 Ke5 43.Kd2 0-1

[Event "FIDE Open"]
[Site "Voronezh"]
[Date "2018.06.14"]
[Round "3.17"]
[White "Koptev, Ruslan"]
[Black "Yakimenko, Alexander A."]
[Result "1-0"]
[WhiteElo "1859"]
[BlackElo "2094"]
[Annotator ""]
[Source ""]
[Remark ""]

1.e4 e5 2.Nf3 Nc6 3.Bb5 a6 4.Bxc6 dxc6 5.O-O f6 6.d4 Bg4 7.dxe5
Qxd1 8.Rxd1 fxe5 9.Rd3 Bd6 10.b3 Ne7 11.Nbd2 b5 12.Bb2 Ng6 13.g3
O-O 14.Kg2 Rae8 15.a4 Bc8 16.h4 Rf6 17.c4 h5 18.Rc1 Bb4 19.cxb5
axb5 20.axb5 cxb5 21.Rxc7 Rd6 22.Rxd6 Bxd6 23.Rc6 Rd8 24.Rb6
Kf7 25.Rxb5 Ba6 26.Rd5 Bb7 27.Rd3 Ba6 28.Nc4 Ke6 29.Bxe5 Bc5 1-0

[Event "FIDE Open"]
[Site "Voronezh"]
[Date "2018.06.14"]
[Round "3.18"]
[White "Markevich, Arseniy"]
[Black "Grekhov, Luka"]
[Result "1-0"]
[WhiteElo "2076"]
[BlackElo "1955"]
[Annotator ""]
[Source ""]
[Remark ""]

1.d4 d5 2.c4 e6 3.Nc3 Nf6 4.Bg5 c6 5.e3 Nbd7 6.a3 Be7 7.f4 O-O
8.Nf3 dxc4 9.Bxc4 a6 10.Ne5 Nxe5 11.fxe5 Nd5 12.Bxe7 Qxe7 13.Qf3
f6 14.exf6 Rxf6 15.Qe4 Qf7 16.Bd3 Qh5 17.Kd2 Rf2+ 18.Ne2 Nf6
19.Qe5 Qxe5 20.dxe5 Ng4 21.Ke1 Rf7 22.Rf1 Rxf1+ 23.Kxf1 Nxe3+
24.Kg1 Ng4 25.Rd1 Nxe5 26.Bb1 Bd7 27.Nd4 g6 28.Re1 Nf7 29.Ba2
Re8 30.Nxe6 Bxe6 31.Bxe6 Kg7 32.Kf1 Kf6 33.Bh3 Rxe1+ 34.Kxe1
Ke5 35.Kd2 Kd4 36.b4 Nd6 37.Kc2 b6 38.Kb3 Nf5 39.g4 Nh4 40.Bf1
b5 41.a4 Nf3 42.Bg2 Ke3 43.a5 Kf2 44.Bh1 h5 45.gxh5 gxh5 46.h4
Kg3 47.Kc3 Nxh4 48.Bxc6 Nf3 49.Bxb5 h4 50.Bd7 h3 51.Bxh3 Kxh3
52.b5 Ne5 53.bxa6 Nc6 54.Kc4 Kg4 55.Kc5 1-0

[Event "FIDE Open"]
[Site "Voronezh"]
[Date "2018.06.14"]
[Round "3.19"]
[White "Fadin, Evgeny"]
[Black "Zaitseva, Lyudmila"]
[Result "0-1"]
[WhiteElo "2056"]
[BlackElo "1954"]
[Annotator ""]
[Source ""]
[Remark ""]

1.Nf3 Nf6 2.c4 g6 3.Nc3 Bg7 4.e4 O-O 5.d4 c6 6.Bd3 d5 7.cxd5
cxd5 8.e5 Ne8 9.Qb3 Nc7 10.h3 Nc6 11.O-O b6 12.Rd1 f6 13.Be3
Be6 14.Nb5 Kh8 15.Nxc7 Qxc7 16.Rac1 a6 17.exf6 exf6 18.Qc3 Rfc8
19.Qd2 Qd7 20.Rc3 Bf8 21.Qe2 b5 22.Bd2 Bf5 23.a3 Bxd3 24.Qxd3
Ne7 25.Rdc1 Nf5 26.Qc2 Rc4 27.Qd3 Rac8 28.Be3 Nd6 29.Nd2 Rxc3
30.Rxc3 Nc4 31.Rc2 a5 32.Nb3 a4 33.Nd2 Bd6 34.Nf3 Kg7 35.Ne1
Qe6 36.Nf3 Re8 37.Bd2 Qe4 38.Qxe4 Rxe4 39.Kf1 Kf7 40.Bc3 Bf4
41.g3 Bb8 42.Rc1 h6 43.Rd1 g5 44.Nd2 Re6 45.Re1 Nxd2+ 46.Bxd2
f5 47.Rxe6 Kxe6 48.g4 Ba7 49.Bc3 fxg4 50.hxg4 Kf6 51.Kg2 Bb8
52.f3 Bf4 53.Kf2 Kg6 54.Ke2 h5 55.gxh5+ Kxh5 56.Be1 Bc1 57.Bc3
Kh4 58.Kf2 Kh3 59.Kf1 Kg3 60.Ke2 Kg2 61.Kd1 Be3 62.Ke2 Bf4 63.Be1
Bc1 64.Bc3 Kg3 65.Be1+ Kf4 66.Bc3 Be3 67.Be1 Bxd4 68.Bd2+ Kf5
69.Bc1 Be5 0-1

[Event "FIDE Open"]
[Site "Voronezh"]
[Date "2018.06.14"]
[Round "3.20"]
[White "Katyshkina, Anastasia"]
[Black "Zakharov, Denis"]
[Result "1-0"]
[WhiteElo "2035"]
[BlackElo "1928"]
[Annotator ""]
[Source ""]
[Remark ""]

1.e4 d6 2.d4 Nf6 3.Nc3 g6 4.f4 Bg7 5.Nf3 c5 6.dxc5 Qa5 7.Bd3
Qxc5 8.Qe2 O-O 9.Be3 Qa5 10.O-O Na6 11.Kh1 Nc5 12.Rae1 Bg4 13.Qf2
Nfd7 14.Qh4 Bxf3 15.Rxf3 Nxd3 16.cxd3 Nf6 17.f5 Rac8 18.Ref1
Qb4 19.Bc1 Rc7 20.Rh3 e6 21.Bg5 Nh5 22.g4 h6 23.Bc1 Bf6 24.Qe1
Ng7 25.Nd5 Qd4 26.Nxc7 a6 27.Qe3 Qxe3 28.Bxe3 g5 29.fxe6 fxe6
30.Rxh6 1-0

[Event "FIDE Open"]
[Site "Voronezh"]
[Date "2018.06.14"]
[Round "3.21"]
[White "Ilyina, Lada"]
[Black "Nakonechny, Ignat"]
[Result "0-1"]
[WhiteElo "2031"]
[BlackElo "1890"]
[Annotator ""]
[Source ""]
[Remark ""]

1.d4 b5 2.e4 Bb7 3.f3 a6 4.Be3 e6 5.a3 Nf6 6.Nc3 Be7 7.Nge2 d6
8.Qd2 Nbd7 9.g4 h6 10.h4 c5 11.Bg2 cxd4 12.Bxd4 Ne5 13.b3 Nfd7
14.Bf2 Nc5 15.O-O-O Ned3+ 16.Kb1 Nxf2 17.b4 Nxd1 18.bxc5 Nxc3+ 0-1

[Event "FIDE Open"]
[Site "Voronezh"]
[Date "2018.06.14"]
[Round "3.22"]
[White "Kokueva, Alisa"]
[Black "Koshevarov, Alexander"]
[Result "0-1"]
[WhiteElo "1586"]
[BlackElo "2030"]
[Annotator ""]
[Source ""]
[Remark ""]

1.e4 e6 2.d4 d5 3.Nd2 h6 4.Ngf3 Nf6 5.Bd3 c5 6.c3 Nc6 7.O-O cxd4
8.cxd4 dxe4 9.Nxe4 Be7 10.Nc3 O-O 11.a3 b6 12.Bc2 Ba6 13.Re1
Rc8 14.b4 Nxd4 15.Nxd4 Rxc3 16.Bb2 Rc7 17.Re3 Qd5 18.Rg3 Rd8
19.Rc1 Bd6 20.Bb3 Rxc1 21.Qxc1 Qh5 22.Bd1 Qh4 23.Nf3 Qf4 24.Qa1
Kf8 25.Bb3 Bb7 26.Ne1 Qh4 27.Rh3 Qg5 28.Nf3 Qg6 29.Bc4 0-1